| 000 | 00876nam0a2200265 4500 | ||
|---|---|---|---|
| 001 | RU\NLR\bibl\1407260 | ||
| 005 | 20260406071815.0 | ||
| 010 |
_a978-5-699-36928-7 _920000 |
||
| 021 |
_aRU _b2009-68159 _9298д |
||
| 035 | _a(NLR Aleph) 001399253 | ||
| 090 |
_a1211870 _c1211870 |
||
| 100 | _a20090903d2009 |||y0rusy50 ca | ||
| 101 | 1 |
_arus _ceng |
|
| 102 | _aRU | ||
| 105 | _ay ||||||||| | ||
| 200 | 1 |
_aАвиатор _e[роман] _fЙон Колфер _g[пер. с англ. Б. Жужунавы] |
|
| 210 |
_aМосква _cЭксмо _aСанкт-Петербург _cДомино _d2009 |
||
| 215 |
_a604 с. _d21 |
||
| 686 | _aШ6(4Вл)67-445{Лх1299-62} | ||
| 700 | 1 |
_4070 _8rus _7ca _aКолфер _bЙ. _f1965- _gЙон _3RU\NLR\auth\7728877 _911906 |
|
| 801 | 0 |
_aRU _bNLR _c20090903 _gRCR |
|
| 801 | 1 |
_aRU _bNLR _c20090903 |
|
| 942 | _cBOOK | ||
| 980 | _aNB | ||